000 00591nam a2200229Ia 4500
001 1085
003 GE_BSU
008 181216s||||||||xx |||||||||||||| ||und||
020 _a5060013855
040 _cGE_BSU
080 _a811.162.1
100 _aТихомирова,Т.С.
245 _aКурс польского языка
245 _bДля студ. высш.уч. завед.
260 _aМосква
260 _bВысшая школа
260 _c1988
300 _a279стр.
541 _h7л.
653 _aКурс польского языка
942 _cBK
999 _c35239
_d35239